[Event "ChessOrg-Schachfestival 2022-Senioren"]
[Site "Bad Woerishofen"]
[Date "2022.03.15"]
[Round "5.9"]
[White "Trefzer, Erhard"]
[Black "Lange, Manfred"]
[Result "1/2-1/2"]
[WhiteElo "1896"]
[BlackElo "2028"]
[PlyCount "54"]
[EventDate "2022.??.??"]
[WhiteTeam "SV Besigheim"]
[BlackTeam "SV Wuerzburg von 1865 e.V."]

1. c4 c5 2. Nc3 Nc6 3. g3 g6 4. Bg2 Bg7 5. e3 d6 6. Nge2 Nb4 7. d3 Bf5 8. e4
Bd7 9. O-O Nc6 10. Rb1 Nf6 11. Nd5 O-O 12. Nxf6+ Bxf6 13. Bd2 Qc8 14. Bc3 Nd4
15. Nxd4 cxd4 16. Bd2 Bg4 17. Bf3 Bxf3 18. Qxf3 Bg7 19. Qe2 Qd7 20. f4 f5 21.
Rfe1 e5 22. Qg2 Rae8 23. Re2 fxe4 24. Rxe4 d5 25. cxd5 Qxd5 26. Rbe1 Qxa2 27.
Bb4 Qb3 1/2-1/2

[Event "ChessOrg-Schachfestival 2022-Senioren"]
[Site "Bad Woerishofen"]
[Date "2022.03.15"]
[Round "5.10"]
[White "Kainz, Josef"]
[Black "Vonach, Bernhard"]
[Result "1-0"]
[WhiteElo "1992"]
[BlackElo "1824"]
[PlyCount "109"]
[EventDate "2022.??.??"]
[WhiteTeam "Gratwein"]
[BlackTeam "SF Windach"]

1. d4 c5 2. d5 Nf6 3. Nc3 g6 4. e4 d6 5. Bb5+ Nbd7 6. a4 a6 7. Be2 Bg7 8. g4 h5
9. g5 Nh7 10. Be3 Qa5 11. Qd2 b5 12. Nf3 b4 13. Nd1 Ne5 14. Nxe5 Bxe5 15. f4
Bg7 16. O-O f5 17. Bd3 O-O 18. c3 fxe4 19. Bxe4 Bf5 20. Bxf5 Rxf5 21. c4 Nf8
22. Ra2 Rd8 23. Nf2 e6 24. b3 Qc7 25. Qd3 exd5 26. cxd5 a5 27. Re2 Re8 28. Rfe1
Bc3 29. Bd2 Rxe2 30. Rxe2 Bxd2 31. Qxd2 Qf7 32. Ne4 Rxf4 33. Nf6+ Rxf6 34. gxf6
Qxf6 35. Qe3 Nd7 36. Qe6+ Qxe6 37. Rxe6 Ne5 38. Rxd6 Kf7 39. Re6 Nf3+ 40. Kg2
Nd4 41. Re3 Nxb3 42. Rxb3 c4 43. Re3 c3 44. d6 c2 45. Re1 b3 46. d7 b2 47. d8=Q
c1=Q 48. Re7+ Kf6 49. Re3+ Kg7 50. Qd4+ Kh7 51. Re7+ Kh6 52. Qh8+ Kg5 53. Re5+
Kh4 54. Qf6+ g5 55. Qf2+ 1-0

[Event "ChessOrg-Schachfestival 2022-Senioren"]
[Site "Bad Woerishofen"]
[Date "2022.03.15"]
[Round "5.11"]
[White "Kierzek, Mira"]
[Black "Desoye, Gernot"]
[Result "1/2-1/2"]
[WhiteElo "1984"]
[BlackElo "1776"]
[PlyCount "128"]
[EventDate "2022.??.??"]
[WhiteTeam "SC Fulda"]

1. Nf3 c5 2. g3 Nc6 3. Bg2 Nf6 4. c4 g6 5. Nc3 Bg7 6. O-O O-O 7. d3 d6 8. a3
Bg4 9. h3 Bd7 10. Be3 h6 11. Rb1 a5 12. Qd2 Kh7 13. Qc2 Rc8 14. Na4 e5 15. Qd1
Nh5 16. Bd2 f5 17. Nc3 Nf6 18. e3 Be8 19. Qc2 g5 20. Rbc1 Bg6 21. Rfe1 Qd7 22.
Rcd1 Qf7 23. Bc1 Rcd8 24. Nd2 Qd7 25. Kh2 Bh5 26. Nf3 Bg6 27. Rd2 Rfe8 28. Red1
Re7 29. Kg1 Qe8 30. Kh2 Qd7 31. b3 Na7 32. Bb2 b5 33. Rb1 Rc8 34. Kg1 Rc7 35.
Ne1 b4 36. axb4 axb4 37. Nd5 Nxd5 38. Bxd5 Bf7 39. Bxf7 Rxf7 40. Kh2 Qe6 41. d4
e4 42. dxc5 dxc5 43. Bxg7 Kxg7 44. Rd5 f4 45. exf4 gxf4 46. Ng2 fxg3+ 47. fxg3
e3 48. Re1 Rf3 49. Qb2+ Kh7 50. Qe5 Qxe5 51. Rxe5 e2 52. R1xe2 Rxb3 53. Re7+
Rxe7 54. Rxe7+ Kg6 55. Rxa7 Rc3 56. Nf4+ Kf5 57. Rc7 Rxc4 58. Nd3 Rc2+ 59. Kg1
b3 60. g4+ Kg5 61. Rxc5+ Rxc5 62. Nxc5 b2 63. Ne4+ Kf4 64. Nd2 Kg3 1/2-1/2

[Event "ChessOrg-Schachfestival 2022-Senioren"]
[Site "Bad Woerishofen"]
[Date "2022.03.15"]
[Round "5.12"]
[White "Zwetz, Anita"]
[Black "Mueller, Thomas"]
[Result "1-0"]
[WhiteElo "1859"]
[BlackElo "1980"]
[PlyCount "69"]
[EventDate "2022.??.??"]
[WhiteTeam "TSV Kareth-Lappersdorf"]
[BlackTeam "SV Schoemberg"]

1. d4 Nf6 2. Bg5 Ne4 3. Bf4 d5 4. Nf3 c6 5. Nbd2 Qb6 6. Qc1 Nd7 7. e3 Ndf6 8.
c3 h6 9. h3 Bf5 10. Be2 e6 11. O-O Bd6 12. Bxd6 Nxd6 13. Ne5 O-O 14. c4 dxc4
15. Ndxc4 Qc7 16. Nxd6 Qxd6 17. Rd1 Rfd8 18. Qc4 Nd7 19. Nxd7 Rxd7 20. Bf3 Bg6
21. Rac1 Rad8 22. b4 e5 23. Bg4 Re7 24. dxe5 Qc7 25. Rxd8+ Qxd8 26. Rd1 Qb6 27.
e6 f5 28. Rd7 Rxd7 29. exd7+ Bf7 30. Qd3 Qd8 31. Bxf5 Bxa2 32. e4 Kf7 33. e5
Be6 34. Bxe6+ Kxe6 35. Qd6+ 1-0

[Event "ChessOrg-Schachfestival 2022-Senioren"]
[Site "Bad Woerishofen"]
[Date "2022.03.15"]
[Round "5.13"]
[White "Hansch, Klaus-Michael"]
[Black "Halli, Gerhard"]
[Result "1/2-1/2"]
[WhiteElo "1829"]
[BlackElo "1968"]
[PlyCount "126"]
[EventDate "2022.??.??"]
[WhiteTeam "SC Weisse Dame e.V."]
[BlackTeam "SK 1947 Sandhausen e.V."]

1. e4 d5 2. exd5 Qxd5 3. Nc3 Qa5 4. b4 Qxb4 5. a4 c6 6. Ba3 Qa5 7. Bc4 e6 8.
Bxf8 Kxf8 9. Nf3 Nf6 10. O-O Nbd7 11. Re1 Nb6 12. Bb3 Qc5 13. Qe2 Bd7 14. a5
Nbd5 15. Ne4 Nxe4 16. Qxe4 Nf6 17. Qf4 Re8 18. Qc7 Bc8 19. a6 bxa6 20. Ne5 Qe7
21. Qxc6 Bb7 22. Qa4 Rc8 23. Qf4 Nd5 24. Qg3 Qc7 25. Qg4 h5 26. Qh4 Rh6 27. Ra4
f6 28. Rc4 Qd8 29. Rxc8 Qxc8 30. Nc4 Qd7 31. Na5 Bc8 32. Qe4 Kf7 33. Qc4 Nc7
34. d3 Rg6 35. f3 Rg5 36. Nc6 Bb7 37. Qxe6+ Nxe6 38. Bxe6+ Qxe6 39. Nd8+ Ke7
40. Nxe6 Re5 41. Rxe5 fxe5 42. Nc5 Bc8 43. Kf2 a5 44. Ke3 Kd6 45. Ne4+ Kd5 46.
c4+ Kc6 47. Kd2 Bf5 48. Kc3 Bxe4 49. fxe4 Kc5 50. h4 a4 51. Kb2 Kb4 52. Ka2 a3
53. Ka1 Kc5 54. Ka2 Kb4 55. Ka1 Kc5 56. Kb1 Kb4 57. Kc2 g6 58. g3 a6 59. Kb1
Kc5 60. Ka1 Kb4 61. Ka2 Ka4 62. Ka1 Ka5 63. Ka2 Ka4 1/2-1/2

[Event "ChessOrg-Schachfestival 2022-Senioren"]
[Site "Bad Woerishofen"]
[Date "2022.03.15"]
[Round "5.14"]
[White "Bjorgvik, Jan Arne"]
[Black "Seifert, Werner"]
[Result "1-0"]
[WhiteElo "1771"]
[BlackElo "1958"]
[PlyCount "93"]
[EventDate "2022.??.??"]
[WhiteTeam "Direktmitglied NSF"]
[BlackTeam "SC Groebenzell"]

1. e4 e6 2. d4 d5 3. exd5 exd5 4. Nf3 Bd6 5. Bd3 Nc6 6. O-O Nge7 7. Re1 O-O 8.
c3 Bf5 9. Bg5 Qd7 10. b4 f6 11. Bh4 Ng6 12. Bg3 Nce7 13. Na3 Rfe8 14. Bxf5 Nxf5
15. Bxd6 Nxd6 16. Qd2 Ne4 17. Qc2 Nf4 18. h3 Qf5 19. Re3 Qg6 20. Ne1 Re6 21.
Rf3 Ng5 22. Re3 Re4 23. Rxe4 Nxe4 24. Kh2 Re8 25. g3 Nh5 26. Ng2 Nhxg3 27. f3
Ne2 28. Qxe2 Nxc3 29. Qc2 Qxc2 30. Nxc2 Re2 31. Nce3 c6 32. a4 Rb2 33. b5 cxb5
34. axb5 Nxb5 35. Nxd5 Nxd4 36. Rxa7 Nxf3+ 37. Kg3 Ne5 38. Nge3 Nc6 39. Ra3 Kf7
40. Nc4 Rb1 41. Re3 g5 42. Rf3 h6 43. Rxf6+ Kg7 44. Nd6 Rb3+ 45. Kg2 Ne5 46.
Nf5+ Kg8 47. Nde7+ 1-0

[Event "ChessOrg-Schachfestival 2022-Senioren"]
[Site "Bad Woerishofen"]
[Date "2022.03.15"]
[Round "5.15"]
[White "Krueger, Norbert"]
[Black "Strohbusch, Frank"]
[Result "1-0"]
[WhiteElo "1946"]
[BlackElo "1762"]
[PlyCount "81"]
[EventDate "2022.??.??"]
[WhiteTeam "Ratinger SK 1950"]
[BlackTeam "SK Freising"]

1. e4 e6 2. d4 d5 3. Bd3 c5 4. c3 Nc6 5. Nf3 cxd4 6. cxd4 dxe4 7. Bxe4 Bd7 8.
O-O Nf6 9. Bd3 Be7 10. a3 O-O 11. Nc3 a6 12. Bc2 Rc8 13. Qd3 h6 14. d5 exd5 15.
Nxd5 g6 16. Bxh6 Bf5 17. Nxf6+ Bxf6 18. Qxd8 Rfxd8 19. Bxf5 gxf5 20. Ra2 Rd3
21. b4 b5 22. Be3 Nd8 23. h3 Ne6 24. Rb1 f4 25. Bb6 Rc6 26. Ba5 Nd4 27. Nxd4
Bxd4 28. Re1 f5 29. Re8+ Kf7 30. Rae2 Rc1+ 31. Kh2 Rdd1 32. g4 f3 33. R2e7+ Kg6
34. Re6+ Kf7 35. Kg3 fxg4 36. hxg4 Rc3 37. R8e7+ Kf8 38. Re8+ Kf7 39. g5 Rg1+
40. Kf4 Bxf2 41. R6e7+ 1-0

[Event "ChessOrg-Schachfestival 2022-Senioren"]
[Site "Bad Woerishofen"]
[Date "2022.03.15"]
[Round "5.16"]
[White "Di Lazzaro, Gabriele"]
[Black "Walther, Reinhard"]
[Result "1/2-1/2"]
[WhiteElo "1768"]
[BlackElo "1945"]
[PlyCount "70"]
[EventDate "2022.??.??"]
[WhiteTeam "Richter - Bolzano"]
[BlackTeam "SK 1911 Herzogenaurach e.V."]

1. e4 e5 2. Nf3 d5 3. Nxe5 Bd6 4. d4 dxe4 5. Bc4 Bxe5 6. Qh5 Qe7 7. Qxe5 Qxe5
8. dxe5 Nc6 9. Nc3 Nxe5 10. Bb3 Bf5 11. Bf4 f6 12. Nb5 O-O-O 13. Nxa7+ Kb8 14.
Nb5 Ne7 15. O-O N7g6 16. Bxe5 Nxe5 17. Rad1 Bd7 18. Nc3 Bc6 19. Bd5 f5 20. Be6
g6 21. Rxd8+ Rxd8 22. Rd1 Rd6 23. Rxd6 cxd6 24. b4 b5 25. Kf1 Nc4 26. a4 Na3
27. axb5 Nxb5 28. Nxb5 Bxb5+ 29. c4 Be8 30. g3 Kc7 31. Ke2 Bd7 32. Bg8 h6 33.
h4 g5 34. hxg5 hxg5 35. Ke3 Kc6 1/2-1/2

[Event "ChessOrg-Schachfestival 2022-Senioren"]
[Site "Bad Woerishofen"]
[Date "2022.03.15"]
[Round "5.17"]
[White "Sakowski, Christian"]
[Black "Stern, Geoffrey"]
[Result "1/2-1/2"]
[WhiteElo "1745"]
[BlackElo "1930"]
[PlyCount "54"]
[EventDate "2022.??.??"]
[WhiteTeam "Schachclub Muelheim 08/25 e.V."]
[BlackTeam "Gambit Bonnevoie"]

1. d4 d5 2. Nf3 e6 3. Bf4 c5 4. c3 Nc6 5. e3 Bd6 6. Bxd6 Qxd6 7. Bd3 Nge7 8.
Nbd2 f5 9. O-O O-O 10. Re1 b6 11. Rc1 c4 12. Bf1 h6 13. g3 b5 14. a3 a5 15. Ra1
Bd7 16. Bg2 b4 17. axb4 axb4 18. Qc2 bxc3 19. bxc3 Rfb8 20. Reb1 Qc7 21. h4
Rxb1+ 22. Qxb1 Rb8 23. Qa2 Be8 24. Rb1 Bh5 25. Rxb8+ Qxb8 26. Qb1 Qxb1+ 27.
Nxb1 Bxf3 1/2-1/2

[Event "ChessOrg-Schachfestival 2022-Senioren"]
[Site "Bad Woerishofen"]
[Date "2022.03.15"]
[Round "5.18"]
[White "Zoll, Detlef"]
[Black "Eibl, Guenter"]
[Result "1/2-1/2"]
[WhiteElo "1914"]
[BlackElo "1736"]
[PlyCount "43"]
[EventDate "2022.??.??"]
[WhiteTeam "ESV 1949 Eberswalde e.V."]
[BlackTeam "SF Muenchen"]

1. d4 d5 2. Nc3 Nf6 3. Bg5 e6 4. e4 dxe4 5. Nxe4 Be7 6. Bxf6 Bxf6 7. Nf3 O-O 8.
c3 b6 9. Bd3 Bb7 10. Qe2 Nd7 11. O-O-O Be7 12. Kb1 Nf6 13. Nfg5 Nxe4 14. Bxe4
Bxe4+ 15. Nxe4 c6 16. g3 Qc7 17. f4 a5 18. h4 a4 19. Qc2 Rfd8 20. Ng5 g6 21.
Nf3 h5 22. Rhe1 1/2-1/2

[Event "ChessOrg-Schachfestival 2022-Senioren"]
[Site "Bad Woerishofen"]
[Date "2022.03.15"]
[Round "5.19"]
[White "Kelemen, Norbert"]
[Black "Harsch, Martin"]
[Result "0-1"]
[WhiteElo "1647"]
[BlackElo "1908"]
[PlyCount "72"]
[EventDate "2022.??.??"]
[WhiteTeam "SC Weiße Dame Ulm e.V."]

1. e4 c6 2. Nf3 d5 3. exd5 cxd5 4. Ne5 Nc6 5. d4 e6 6. Bb5 Bd7 7. Nxd7 Qxd7 8.
Nc3 Nf6 9. Bg5 Be7 10. O-O O-O 11. Ne2 a6 12. Bd3 Nb4 13. c3 Nxd3 14. Qxd3 Rfc8
15. Rfc1 Rc6 16. Rc2 Rac8 17. Rac1 b5 18. a3 Qb7 19. f3 Ne8 20. Bxe7 Qxe7 21.
Ng3 Nd6 22. Nf1 Nc4 23. Ne3 Qc7 24. Nxc4 bxc4 25. Qd2 Rb6 26. Re1 Rcb8 27. Re2
h6 28. g3 Qe7 29. f4 Qf6 30. Kg2 Qg6 31. Re3 Qxc2 32. Qxc2 Rxb2 33. Qxb2 Rxb2+
34. Kf3 Rb3 35. f5 Rxa3 36. fxe6 fxe6 0-1

[Event "ChessOrg-Schachfestival 2022-Senioren"]
[Site "Bad Woerishofen"]
[Date "2022.03.15"]
[Round "5.20"]
[White "Goris, Ton"]
[Black "Schestak, Herbert"]
[Result "1/2-1/2"]
[WhiteElo "1952"]
[BlackElo "1713"]
[PlyCount "82"]
[EventDate "2022.??.??"]

1. d4 d5 2. e4 c6 3. e5 c5 4. dxc5 Bf5 5. Bd3 Bxd3 6. Qxd3 e6 7. Be3 Nc6 8. Nf3
Nge7 9. c3 a5 10. Na3 Ng6 11. Bd4 Nf4 12. Qf1 g5 13. g3 Ng6 14. Qe2 g4 15. Nd2
Bg7 16. f4 gxf3 17. Nxf3 Qb8 18. Nb5 O-O 19. Nd6 b6 20. cxb6 Nxd4 21. cxd4 Qxb6
22. Rc1 Rfb8 23. b3 Bf8 24. Qd2 Bxd6 25. exd6 Qxd6 26. O-O a4 27. bxa4 Rxa4 28.
Rc2 Rba8 29. Rfc1 R4a6 30. Kg2 Kg7 31. h4 h6 32. Qe2 Ra3 33. h5 Ne7 34. Ne5 Kh7
35. g4 Qa6 36. Qxa6 R3xa6 37. Nxf7 Kg7 38. Ne5 Rxa2 39. Kh3 R8a3+ 40. Kh4 Rxc2
41. Rxc2 Ra7 1/2-1/2

[Event "ChessOrg-Schachfestival 2022-Senioren"]
[Site "Bad Woerishofen"]
[Date "2022.03.15"]
[Round "5.21"]
[White "Cordsen, Heinrich"]
[Black "McAndrew, Robert"]
[Result "0-1"]
[WhiteElo "1732"]
[BlackElo "1927"]
[PlyCount "84"]
[EventDate "2022.??.??"]
[WhiteTeam "SK Varel"]
[BlackTeam "Gambit Bonnevoie"]

1. e4 c6 2. d4 d5 3. e5 c5 4. c3 Nc6 5. Bb5 cxd4 6. cxd4 e6 7. Nc3 Bd7 8. Nf3
Nge7 9. O-O Nf5 10. a3 Be7 11. Bxc6 Bxc6 12. b4 O-O 13. Re1 Rc8 14. Be3 Bd7 15.
Qd3 Nxe3 16. Qxe3 Qb6 17. Rec1 Bb5 18. Nxb5 Qxb5 19. Rxc8 Rxc8 20. Rc1 Rc4 21.
Rxc4 Qxc4 22. h3 h6 23. g4 b6 24. h4 a5 25. bxa5 bxa5 26. a4 Qxa4 27. g5 hxg5
28. hxg5 Qd1+ 29. Kg2 a4 30. Qc3 g6 31. Qc8+ Kg7 32. Qe8 Bxg5 33. Kg3 Bh6 34.
Qe7 Qc1 35. Qf6+ Kg8 36. Qd8+ Kh7 37. Qf6 Qc7 38. Qh4 Kg7 39. Qf6+ Kg8 40. Nh4
a3 41. Nxg6 fxg6 42. Qxg6+ Qg7 0-1

[Event "ChessOrg-Schachfestival 2022-Senioren"]
[Site "Bad Woerishofen"]
[Date "2022.03.15"]
[Round "5.22"]
[White "Schmieder, Siegfried"]
[Black "Kumeth, Hartmut"]
[Result "1/2-1/2"]
[WhiteElo "1904"]
[BlackElo "1723"]
[PlyCount "44"]
[EventDate "2022.??.??"]
[BlackTeam "SK Union Oldenburg"]

1. e4 e5 2. f4 exf4 3. Bc4 Be7 4. d4 Nf6 5. Nc3 d6 6. Bxf4 c6 7. Bb3 Be6 8. Nf3
O-O 9. Qd2 Bxb3 10. axb3 d5 11. e5 Nfd7 12. O-O Re8 13. Ng5 Nf8 14. Rac1 f6 15.
Nf3 Ng6 16. Bg3 Nd7 17. Qd3 fxe5 18. dxe5 Nc5 19. Qf5 Rf8 20. Qg4 Qc8 21. Qxc8
Raxc8 22. Nd4 Rxf1+ 1/2-1/2

[Event "ChessOrg-Schachfestival 2022-Senioren"]
[Site "Bad Woerishofen"]
[Date "2022.03.15"]
[Round "5.23"]
[White "Leser, Alfred"]
[Black "Ganslmayer, Anton"]
[Result "1/2-1/2"]
[WhiteElo "1736"]
[BlackElo "1830"]
[PlyCount "73"]
[EventDate "2022.??.??"]
[WhiteTeam "Schachfreunde Mengen"]
[BlackTeam "SC Wangen"]

1. d4 Nf6 2. Bf4 g6 3. Nf3 Bg7 4. e3 d6 5. Nbd2 Nbd7 6. Be2 O-O 7. h3 Re8 8.
O-O e5 9. Bh2 e4 10. Ne1 Nf8 11. c4 d5 12. Rc1 Ne6 13. Nc2 c6 14. b4 Bd7 15. c5
Nc7 16. a4 a5 17. Rb1 axb4 18. Rxb4 Bc8 19. Na3 Nd7 20. Qb3 Na6 21. Rxb7 Ndxc5
22. dxc5 Nxc5 23. Qb6 Nxb7 24. Qxc6 Re6 25. Qc2 Be5 26. Bxe5 Rxe5 27. Rc1 Qe7
28. Nb5 Bd7 29. Qb2 Bxb5 30. Bxb5 Nd6 31. Bd7 Rd8 32. Rc7 f6 33. f4 exf3 34.
Nxf3 Rxe3 35. Qb6 Rxd7 36. Rxd7 Qxd7 37. Qxe3 1/2-1/2

[Event "ChessOrg-Schachfestival 2022-Senioren"]
[Site "Bad Woerishofen"]
[Date "2022.03.15"]
[Round "5.24"]
[White "Antoniacci, Riccardo"]
[Black "Laustsen, Karl-Johan"]
[Result "1/2-1/2"]
[WhiteElo "1706"]
[BlackElo "1790"]
[PlyCount "43"]
[EventDate "2022.??.??"]
[BlackTeam "1.FC Marktleuthen"]

1. e4 c5 2. Nc3 Nc6 3. f4 g6 4. Nf3 Bg7 5. d3 e6 6. g3 Nge7 7. Bg2 d5 8. Qe2 d4
9. Nd1 O-O 10. Nf2 b5 11. a4 Qb6 12. Bd2 bxa4 13. O-O a5 14. Rfb1 Qb5 15. c4
Qb6 16. e5 Bb7 17. Ne4 Nb4 18. Nd6 Bc6 19. g4 Nc8 20. Ne4 Ne7 21. Nd6 Nc8 22.
Ne4 1/2-1/2

[Event "ChessOrg-Schachfestival 2022-Senioren"]
[Site "Bad Woerishofen"]
[Date "2022.03.15"]
[Round "5.25"]
[White "Meul, Willi"]
[Black "Richter, Stefan"]
[Result "1/2-1/2"]
[WhiteElo "1789"]
[BlackElo "1612"]
[PlyCount "47"]
[EventDate "2022.??.??"]
[WhiteTeam "SV 1925 Huerth-Berrenrath"]
[BlackTeam "Elstertal-langenberg"]

1. d4 Nf6 2. Bf4 d6 3. e3 g6 4. Nd2 Nh5 5. Be2 Nxf4 6. exf4 Bg7 7. c3 O-O 8.
Ngf3 b6 9. h4 h6 10. h5 Bf5 11. Nh4 e6 12. g4 g5 13. Nxf5 exf5 14. fxg5 Qxg5
15. Rg1 Re8 16. Nf3 Qf4 17. Qd3 fxg4 18. Nh4 Qh2 19. Qg3 Qxg3 20. Rxg3 Re4 21.
Rxg4 Rxg4 22. Bxg4 Na6 23. Kd2 Re8 24. Re1 1/2-1/2

[Event "ChessOrg-Schachfestival 2022-Senioren"]
[Site "Bad Woerishofen"]
[Date "2022.03.15"]
[Round "5.26"]
[White "Loibl, Johann"]
[Black "Birkestrand, Odd"]
[Result "1-0"]
[WhiteElo "1762"]
[BlackElo "1702"]
[PlyCount "87"]
[EventDate "2022.??.??"]
[BlackTeam "Masfjorden Sjakklubb"]

1. e4 e5 2. Nf3 Nc6 3. Bc4 Nf6 4. Ng5 d5 5. exd5 Nd4 6. c3 b5 7. Bf1 Nxd5 8.
Nxf7 Kxf7 9. cxd4 exd4 10. Qf3+ Nf6 11. Bxb5 Rb8 12. Bc4+ Be6 13. Bxe6+ Kxe6
14. O-O Bd6 15. d3 h6 16. Nd2 Rf8 17. Nc4 Kf7 18. Bf4 Bxf4 19. Qxf4 Kg8 20.
Rfe1 Qd7 21. Re2 Ng4 22. Qg3 Rb5 23. h3 Nf6 24. Ne5 Qd6 25. Rae1 Nh5 26. Qg4
Nf4 27. Re4 g5 28. g3 Ng6 29. Nc4 Qb4 30. Qe6+ Kg7 31. Rxd4 Rbf5 32. Rd7+ R5f7
33. Rxf7+ Rxf7 34. Re4 Qc5 35. Ne3 Qc1+ 36. Kg2 Ne7 37. Qe5+ Kg6 38. Qc3 Qb1
39. Re6+ Kh7 40. Ra6 Nf5 41. Nxf5 Rxf5 42. Qxc7+ Kg8 43. Rg6+ Kf8 44. Qc8+ 1-0

[Event "ChessOrg-Schachfestival 2022-Senioren"]
[Site "Bad Woerishofen"]
[Date "2022.03.15"]
[Round "5.27"]
[White "Wacker, Manfred"]
[Black "Kievelitz, Bernd"]
[Result "1/2-1/2"]
[WhiteElo "1705"]
[BlackElo "1745"]
[PlyCount "57"]
[EventDate "2022.??.??"]
[WhiteTeam "SC Lambsheim"]
[BlackTeam "SC Zitadelle Spandau 1977 e.V."]

1. d4 Nf6 2. c4 e6 3. Nc3 Bb4 4. Qc2 Nc6 5. Nf3 d6 6. a3 Bxc3+ 7. Qxc3 Ne4 8.
Qc2 f5 9. e3 O-O 10. Be2 a5 11. O-O Qe7 12. Nd2 Nxd2 13. Bxd2 e5 14. d5 Nb8 15.
b4 b6 16. Qb3 Nd7 17. Bf3 e4 18. Be2 Kh8 19. Bc3 Ne5 20. Kh1 f4 21. exf4 Rxf4
22. Bd4 Bd7 23. Qc3 Raf8 24. bxa5 bxa5 25. Rab1 Bg4 26. Bxe5 dxe5 27. Bxg4 Rxg4
28. Qe3 Rgf4 29. Rb2 1/2-1/2

[Event "ChessOrg-Schachfestival 2022-Senioren"]
[Site "Bad Woerishofen"]
[Date "2022.03.15"]
[Round "5.28"]
[White "Goris-Schouwstra, Adry"]
[Black "Harke, Horst"]
[Result "1/2-1/2"]
[WhiteElo "1677"]
[BlackElo "1757"]
[PlyCount "97"]
[EventDate "2022.??.??"]

1. d4 d5 2. Nf3 c6 3. e3 Nf6 4. Be2 g6 5. Nbd2 Bg7 6. O-O O-O 7. c3 Nbd7 8. Qc2
Re8 9. e4 dxe4 10. Nxe4 Nxe4 11. Qxe4 Nf6 12. Qc2 Bf5 13. Qd1 Qc7 14. Qb3 Bg4
15. Re1 Bxf3 16. Bxf3 h6 17. Be3 Rad8 18. h3 Rd7 19. Rac1 b6 20. c4 e6 21. a4
Nh7 22. d5 exd5 23. cxd5 c5 24. a5 Rde7 25. axb6 axb6 26. Qb5 Bd4 27. Bd2 Rxe1+
28. Rxe1 Rxe1+ 29. Bxe1 Qe5 30. Kf1 Ng5 31. Qxb6 Nxf3 32. Qd8+ Kg7 33. gxf3
Bxb2 34. d6 Qe6 35. Qe7 Bf6 36. Qxe6 fxe6 37. Bd2 g5 38. Ke2 Kf7 39. Be3 c4 40.
f4 Ke8 41. fxg5 hxg5 42. f4 gxf4 43. Bxf4 e5 44. Be3 Kd7 45. Bc5 Bg5 46. Bb4 e4
47. h4 Bxh4 48. Ke3 Bf6 49. Kxe4 1/2-1/2

[Event "ChessOrg-Schachfestival 2022-Senioren"]
[Site "Bad Woerishofen"]
[Date "2022.03.15"]
[Round "5.29"]
[White "Koenigl, Anton"]
[Black "Lie, Terje"]
[Result "1/2-1/2"]
[WhiteElo "1844"]
[BlackElo "1441"]
[PlyCount "110"]
[EventDate "2022.??.??"]
[WhiteTeam "FC Ergolding 1932 e.V."]
[BlackTeam "Bergens SK"]

1. e4 d6 2. d4 Nf6 3. Nc3 g6 4. Bc4 Bg7 5. Nge2 O-O 6. f3 Nc6 7. a3 e5 8. d5
Ne7 9. Be3 Nd7 10. g4 Nb6 11. Bb3 Bd7 12. Qd2 Qe8 13. h4 Na4 14. O-O-O a6 15.
h5 Nxc3 16. Nxc3 f5 17. gxf5 gxf5 18. Qg2 Kh8 19. exf5 Nxf5 20. Bd2 Rg8 21. Qf2
Bh6 22. Bxh6 Nxh6 23. Ne4 Qe7 24. c3 b6 25. Bc2 Raf8 26. Nd2 Bf5 27. Rdg1 Bxc2
28. Rxg8+ Rxg8 29. Kxc2 Qg5 30. Rh2 Qg3 31. Qe2 a5 32. Ne4 Qf4 33. Rg2 Qf7 34.
c4 Qxh5 35. Rh2 Qg6 36. Kc3 Nf5 37. Rh3 Qg2 38. Qxg2 Rxg2 39. Nf6 Rg7 40. Kd3
Nd4 41. Ke4 Rf7 42. Nh5 Ne2 43. Rh4 Re7 44. Kf5 Rf7+ 45. Ke4 Ng1 46. f4 exf4
47. Nxf4 Rg7 48. Ne6 Rf7 49. Ng5 Re7+ 50. Kf5 Ne2 51. Kf6 Rg7 52. Re4 Rg6+ 53.
Kf7 Rg7+ 54. Kf6 Rg6+ 55. Kf7 Rg7+ 1/2-1/2

[Event "ChessOrg-Schachfestival 2022-Senioren"]
[Site "Bad Woerishofen"]
[Date "2022.03.15"]
[Round "5.30"]
[White "Klimpel, Siegfried"]
[Black "Titz, Waldemar"]
[Result "1-0"]
[WhiteElo "1754"]
[BlackElo "1742"]
[PlyCount "87"]
[EventDate "2022.??.??"]
[WhiteTeam "TSV Kareth-Lappersdorf"]
[BlackTeam "SV Rottweil"]

1. e4 d6 2. d4 g6 3. Bc4 Bg7 4. Nf3 Nf6 5. Nc3 c6 6. Bf4 b5 7. Bd3 a6 8. Qd2
Bb7 9. Bh6 O-O 10. Bxg7 Kxg7 11. h4 h5 12. Ng5 e5 13. dxe5 dxe5 14. O-O-O Nbd7
15. Qe2 Qe7 16. f3 c5 17. Qf2 c4 18. Be2 Rfd8 19. g4 Rh8 20. Rhf1 Qc5 21. Qe1
Rad8 22. Kb1 Nb6 23. f4 exf4 24. e5 Nfd5 25. e6 Qe3 26. Nxf7 Nxc3+ 27. Qxc3+
Qxc3 28. bxc3 Rxd1+ 29. Rxd1 Re8 30. Ng5 Nd5 31. Kb2 Re7 32. gxh5 gxh5 33. Bxh5
Nf6 34. Bf7 f3 35. Rf1 Nh7 36. Nxf3 Bxf3 37. Rxf3 Kh6 38. Rg3 Nf8 39. Re3 Kg7
40. Rg3+ Kh6 41. h5 a5 42. Rg8 Nxe6 43. Rg6+ Kh7 44. Bxe6 1-0

[Event "ChessOrg-Schachfestival 2022-Senioren"]
[Site "Bad Woerishofen"]
[Date "2022.03.15"]
[Round "5.31"]
[White "Bertram, Thomas"]
[Black "Bachmann, Rolf"]
[Result "0-1"]
[WhiteElo "1709"]
[BlackElo "1896"]
[PlyCount "60"]
[EventDate "2022.??.??"]
[WhiteTeam "SF Bad Lausick"]
[BlackTeam "Hsg Hamm"]

1. e4 c5 2. d4 cxd4 3. c3 dxc3 4. Nxc3 d6 5. Bc4 Nf6 6. e5 Nfd7 7. e6 Ne5 8.
exf7+ Nxf7 9. Bxf7+ Kxf7 10. Nf3 e6 11. Bf4 Be7 12. O-O Re8 13. Ne4 h6 14. Bxd6
Nc6 15. Rc1 Bf6 16. Qe2 Kg8 17. Rfd1 Qa5 18. a3 Qh5 19. Nxf6+ gxf6 20. Rc5 e5
21. b4 a6 22. Rc4 Bg4 23. Bc5 Rad8 24. Rxd8 Rxd8 25. Qe4 Rd1+ 26. Ne1 Be2 27.
f3 Bxc4 28. Qxc4+ Qf7 29. Qg4+ Kh8 30. Kf2 f5 0-1

[Event "ChessOrg-Schachfestival 2022-Senioren"]
[Site "Bad Woerishofen"]
[Date "2022.03.15"]
[Round "5.32"]
[White "Aigner, Georg"]
[Black "Mitschka, Manfred"]
[Result "1-0"]
[WhiteElo "1809"]
[BlackElo "1614"]
[PlyCount "85"]
[EventDate "2022.??.??"]
[WhiteTeam "SC Taufkirchen"]
[BlackTeam "SK Neuburg"]

1. e4 e6 2. d4 d5 3. Nd2 Nf6 4. e5 Nfd7 5. Bd3 c5 6. c3 Nc6 7. Ne2 cxd4 8. cxd4
f6 9. exf6 Nxf6 10. O-O Bd6 11. Nf3 Qc7 12. h3 O-O 13. Nc3 a6 14. Re1 Bd7 15.
Bg5 h6 16. Be3 Be8 17. Qd2 Nh5 18. Nh4 Rf6 19. Ne2 Bb4 20. Nc3 Bd6 21. Bc2 Nf4
22. Bxf4 Bxf4 23. Qd3 g5 24. Nf3 Bg6 25. Qe2 Bxc2 26. Qxc2 Qg7 27. Qd1 Raf8 28.
Ne2 g4 29. hxg4 Qxg4 30. Nxf4 Rxf4 31. Ne5 Qg5 32. Re3 Nxe5 33. Rxe5 Qg6 34.
Re2 Qf6 35. Qe1 Qxd4 36. Rd1 Qc5 37. Rdd2 d4 38. Rxe6 Rh4 39. Re8 Rxe8 40.
Qxe8+ Kg7 41. Re2 Qf8 42. Re7+ Qxe7 43. Qxe7+ 1-0

[Event "ChessOrg-Schachfestival 2022-Senioren"]
[Site "Bad Woerishofen"]
[Date "2022.03.15"]
[Round "5.33"]
[White "Flockerzi, Armin"]
[Black "Wraga, Teresa"]
[Result "1-0"]
[WhiteElo "1761"]
[BlackElo "1553"]
[PlyCount "87"]
[EventDate "2022.??.??"]
[WhiteTeam "VfR-SC Koblenz"]
[BlackTeam "SG Osnabrueck"]

1. Nf3 g6 2. d4 Bg7 3. c3 Nf6 4. g3 d6 5. Bg2 c6 6. Qc2 O-O 7. O-O Nbd7 8. Nbd2
Qc7 9. Re1 e5 10. e3 Re8 11. dxe5 dxe5 12. Ng5 h6 13. Nge4 Nxe4 14. Bxe4 Nc5
15. Bg2 Bd7 16. b3 Rad8 17. b4 Ne6 18. Bb2 Bc8 19. Rad1 c5 20. a3 b6 21. c4
cxb4 22. axb4 a5 23. Bc3 axb4 24. Bxb4 Nc5 25. Bxc5 Qxc5 26. Rc1 Be6 27. Ne4
Qc7 28. Qa4 Bd7 29. Qb4 Bf8 30. Nf6+ Kg7 31. Nxe8+ Bxe8 32. Qb3 Bc5 33. Red1
Rc8 34. Qc3 Qe7 35. Rd5 f6 36. Rcd1 Bb4 37. Qd3 Qc7 38. Rd8 Ba4 39. Rxc8 Qxc8
40. Ra1 Qe8 41. Qd5 Bc5 42. Qb7+ Kh8 43. Bd5 Bc2 44. Ra8 1-0